000 00586nam a2200181Ia 4500
008 100920s9999 xx 000 0 und d
082 _b83448
_a891.464 न 02
100 _aसोनार वा. रा.
245 _aभेटीलागी दरवळ.
260 _bदिलीपराज प्रकाशन, पुणे.
_c2002
300 _a158
_bसाधी
365 _b140
520 _aनिबंध.
630 _aभेटीलागी दरवळ.
650 _aनिबंध.
730 _aभेटीलागी दरवळ.
942 _cBOOK
999 _c724080
_d724077